1980s Australian Bands - Statistics

General Stats
  • This quiz has been taken 244 times
  • The average score is 7 of 13
Answer Stats
Song Year Band % Correct
Back in Black 1980 AC/DC
96%
Who Can it Be Now? 1981 Men at Work
77%
The Boys Light Up 1980 Australian Crawl
64%
Cheap Wine 1980 Cold Chisel
64%
Great Southern Land 1982 Icehouse
62%
Falling Down the Mountain (Kiss the Dirt) 1986 INXS
56%
What's My Scene? 1987 Hoodoo Gurus
55%
Run to Paradise 1987 Choirboys
50%
Pleasure and Pain 1985 Divinyls
50%
Live it Up 1985 Mental as Anything
45%
Do You See What I See? 1987 Hunters & Collectors
40%
Come Said the Boy 1984 Mondo Rock
37%
Funky Town 1986 Pseudo Echo
35%
No matching quizzes found
Score Distribution
Percent of People with Each Score
Percentile by Number Answered
Your Score History
You have not taken this quiz